| 000 | 01065cam a2200313 a 4500 | ||
|---|---|---|---|
| 001 | 3524458 | ||
| 003 | PILC | ||
| 005 | 20150112093440.0 | ||
| 008 | 960501s1996 enka b 001 0 eng | ||
| 010 | _a 96019796 | ||
| 020 | _a0132398567 | ||
| 040 |
_aDLC _cDLC _dDLC |
||
| 050 | 0 | 0 |
_aHD 69 _b.Oc18 1996 |
| 082 | 0 | 0 |
_aMnSF 658.404 _bOc5 1996 |
| 100 | 1 |
_aO'Connell, Fergus. _918067 |
|
| 245 | 1 | 0 |
_aHow to run successful projects II : _bthe silver Bullet / _cFergus O'Connell. |
| 246 | 3 | 0 | _aSilver bullet |
| 246 | 3 | 0 | _aSuccessful projects II |
| 246 | 3 | _aSuccessful projects two | |
| 246 | 3 | _aSuccessful projects 2 | |
| 250 | _a2nd ed. | ||
| 260 |
_aLondon ; _aNew York : _bPrentice Hall, _c1996. |
||
| 300 |
_a333 pages : _billustration ; _c24 cm. |
||
| 504 | _aIncludes bibliographical references (p. 327-329) and index. | ||
| 650 | 0 |
_aProject management. _918068 |
|
| 906 |
_a7 _bcbc _corignew _d1 _eocip _f19 _gy-gencatlg |
||
| 942 |
_2lcc _cBK |
||
| 999 |
_c14710 _d14710 |
||